000 00312nam a22001337a 4500
082 _a894.812.3
_bKUD/T
100 _aKIDAVECHOOR, THOMAS
245 _aTHEAN PILE MADHURAM
250 _a2
260 _aKOTTAYAM
_bAVANTY PUBLICATIONS
_c2005
300 _a64
650 _aMALAYALAM SHORT STORY
_zKERALA
942 _cBK
999 _c1319
_d1319